[Event "Indywidualne Mistrzostwa Polski Juniorow - C16"]
[Site "Szczyrk"]
[Date "2013-03-24"]
[Round "9.1"]
[White "Jarmula, Lukasz"]
[Black "Eggink, Ryszard"]
[Result "1/2-1/2"]
[WhiteTitle "k"]
[BlackTitle "I++"]
[WhiteElo "2164"]
[BlackElo "2080"]

1. d4 Nf6 2. c4 e6 3. Nf3 b6 4. a3 Bb7 5. Nc3 Be7 6. Qc2 c5 7. e4 cxd4 8. Nxd4
d6 9. Be2 a6 10. O-O Nbd7 11. Be3 Qc7 12. f3 O-O 13. Rfd1 Rac8 14. Rac1 Rfd8 15.
Bf1 Qb8 16. Qf2 Qa8 17. b4 g6 18. Nb3 d5 19. e5 Nxe5 20. Bxb6 Re8 21. cxd5 Nxd5
22. Bc5 Nf4 23. Ne4 f5 24. Bxe7 Rxc1 25. Nxc1 fxe4 26. fxe4 Nh3+ 27. gxh3 Rxe7
28. Bg2 Re8 29. Qf6 Qb8 30. Nd3 Nxd3 31. Rxd3 Qc7 32. Rd1 Qb6+ 33. Qd4 Qxd4+ 34.
Rxd4 e5 35. Rd7 Bc8 36. Ra7 Rd8 37. Re7 Rd1+ 38. Kf2 Rd2+ 39. Kg1 Rd1+ 40. Kf2
Rd2+ 41. Kf3 Kf8 42. Rxh7 Be6 43. Bf1 Ra2 44. Ra7 Rxa3+ 45. Kf2 Ra2+ 46. Kg3 Ra3+
47. Kh4 Ra1 48. Rxa6 Rxf1 49. Rxe6 Rf4+ 50. Kg5 Rxe4 51. b5 Re2 52. b6 Rxh2 53.
Kxg6 Rxh3 54. Rxe5 Rg3+ 55. Kf6 Rf3+ 56. Kg6 Rg3+ 57. Kf5 Rb3 58. Re6 Kf7 59.
Rh6 Ke7 60. Ke5 Kd7 61. Kd5 Rb5+ 62. Kc4 Rb1 63. Kc5 Kc8 64. Rh7 Kb8 65. Kc6 Rc1+
66. Kb5 1/2-1/2

[Event "Indywidualne Mistrzostwa Polski Juniorow - C16"]
[Site "Szczyrk"]
[Date "2013-03-24"]
[Round "9.2"]
[White "Karwowski, Kacper"]
[Black "Snihur, Piotr"]
[Result "0-1"]
[WhiteTitle "I"]
[BlackTitle "I++"]
[WhiteElo "1946"]
[BlackElo "2085"]

1. f4 d5 2. Nf3 Nf6 3. b3 c5 4. e3 a6 5. Bb2 Nc6 6. g3 e6 7. d3 Be7 8. Bg2 O-O
9. O-O b6 10. Nbd2 Bb7 11. e4 dxe4 12. dxe4 Qc7 13. Qe2 Rfd8 14. Nc4 b5 15. Nce5
Rac8 16. Ng5 Rf8 17. Ng4 Nd4 18. Bxd4 cxd4 19. Rf2 d3 20. cxd3 Nxg4 21. Qxg4 Bc5
22. Raf1 Bxf2+ 23. Rxf2 Qc1+ 24. Bf1 h6 25. Nh3 f5 26. Qg6 Rf6 27. Qh5 fxe4 28.
dxe4 Bxe4 29. g4 Qe3 30. g5 hxg5 31. Nxg5 Rxf4 32. Nxe4 Qxe4 33. Rxf4 Qxf4 34.
Qh3 Qf5 35. Qg2 Rc1 36. Qe2 Rxf1+ 37. Qxf1 Qxf1+ 38. Kxf1 Kf7 39. Kf2 Kf6 40.
Kf3 Ke5 41. Ke3 b4 42. h3 Kd5 43. Kf4 Kd4 44. Kg5 e5 45. Kg6 e4 46. Kxg7 e3 47.
h4 e2 48. h5 e1=Q 49. h6 Qg3+ 50. Kh8 Qg6 51. h7 Qf7 0-1

[Event "Indywidualne Mistrzostwa Polski Juniorow - C16"]
[Site "Szczyrk"]
[Date "2013-03-24"]
[Round "9.3"]
[White "Siedlanowski, Lukasz"]
[Black "Gajek, Radoslaw"]
[Result "0-1"]
[WhiteTitle "I"]
[BlackTitle "k"]
[WhiteElo "1900"]
[BlackElo "2273"]

1. d4 Nf6 2. Nf3 c5 3. c3 b6 4. g3 Bb7 5. Bg2 g6 6. O-O Bg7 7. Qb3 cxd4 8. Ne5
d5 9. cxd4 O-O 10. Nc3 Nc6 11. Nxc6 Bxc6 12. Rd1 e6 13. f3 Qd7 14. e4 dxe4 15.
fxe4 Ng4 16. d5 Qe7 17. Qc4 Bb7 18. d6 Qd7 19. Bf4 Rac8 20. Qe2 Ne5 21. Rac1 Rc6
22. Nb5 Ba6 23. a4 Rxd6 24. Rxd6 Qxd6 25. Nxd6 Bxe2 26. Rc7 a5 27. Kf2 Bd1 28.
Nc8 Bxa4 29. Nxb6 Bb5 30. b3 Nd3+ 31. Ke3 e5 32. Bg5 f6 33. Bf1 Rb8 34. Nd5 fxg5
35. Bxd3 Bxd3 36. Kxd3 Rxb3+ 37. Kc2 Rb8 38. Ne7+ Kf8 39. Nc6 Ra8 40. Kb3 a4+
41. Ka3 h5 42. Na7 Rd8 43. Nc6 Rd2 44. Kxa4 Rxh2 45. Ne7 Bf6 46. Nd5 Rf2 47. Rc8+
Kg7 48. Rc7+ Kg8 49. Rc8+ Kh7 50. Rc7+ Bg7 51. Kb5 h4 52. g4 Rb2+ 53. Ka4 Rb8
54. Nf6+ Kh8 55. Nd5 Rf8 56. Rc6 Kh7 57. Kb5 Rf7 58. Rc3 Kh6 59. Kc6 Rf1 60. Kd6
Rg1 61. Ne3 Rg3 62. Ke6 Kh7 63. Nd5 Rxg4 64. Rc7 Kh6 65. Ne7 Rf4 66. Kd5 h3 67.
Rc6 h2 68. Rc1 g4 0-1

[Event "Indywidualne Mistrzostwa Polski Juniorow - C16"]
[Site "Szczyrk"]
[Date "2013-03-24"]
[Round "9.4"]
[White "Ulanowski, Karol"]
[Black "Kaczmarek, Aleksander"]
[Result "1/2-1/2"]
[WhiteTitle "I++"]
[BlackTitle "k"]
[WhiteElo "2118"]
[BlackElo "2132"]

1. e4 c6 2. d4 d5 3. Nc3 dxe4 4. Nxe4 Nd7 5. Ng5 Ngf6 6. Bd3 e6 7. N1f3 Bd6 8.
Qe2 h6 9. Ne4 Nxe4 10. Qxe4 Nf6 11. Qe2 b6 12. Bd2 Bb7 13. O-O-O Qc7 14. Ne5 O-O-O
15. f4 Kb8 16. Kb1 c5 17. dxc5 Bxc5 18. Rhf1 Ka8 19. g4 Nd5 20. c4 Nb4 21. Be4
f6 22. a3 Na6 23. Bxb7+ Qxb7 24. Nd3 Rd4 25. Rfe1 Rc8 26. Bc3 Rd6 27. Nxc5 Rxd1+
28. Rxd1 Nxc5 29. Rd4 f5 30. gxf5 exf5 31. Qe5 g6 32. Rd6 Qe4+ 33. Qxe4+ Nxe4
34. Rxg6 Nxc3+ 35. bxc3 Rxc4 36. Kc2 Rxf4 37. Rxh6 Kb7 38. Rh7+ Kc6 39. Rxa7 Rh4
40. Rf7 Rxh2+ 41. Kd3 Rf2 42. Ke3 Rf1 43. Ke2 Rf4 44. Ke3 Re4+ 45. Kd3 Re5 46.
Rf6+ Kd5 1/2-1/2

[Event "Indywidualne Mistrzostwa Polski Juniorow - C16"]
[Site "Szczyrk"]
[Date "2013-03-24"]
[Round "9.5"]
[White "Niekras, Dawid"]
[Black "Kulas, Szymon"]
[Result "1-0"]
[WhiteTitle "I"]
[BlackTitle "I++"]
[WhiteElo "1956"]
[BlackElo "2088"]

1. e4 c5 2. Nf3 e6 3. d4 cxd4 4. Nxd4 Nc6 5. Nb5 d6 6. c4 Nf6 7. N5c3 Be7 8. Be2
O-O 9. O-O a6 10. Be3 b6 11. Nd2 Qc7 12. Rc1 Qa7 13. f4 Bb7 14. Bf3 Rac8 15. Qe2
Nd7 16. Rfd1 Rfd8 17. Nb3 Nc5 18. Nd4 Qa8 19. Rd2 Bf6 20. Rcd1 Ne7 21. Bf2 Ng6
22. Bg3 h5 23. f5 Ne5 24. Bxh5 Nxc4 25. fxe6 Nxe6 26. Bxf7+ Kxf7 27. Qh5+ g6 28.
Qh7+ Ng7 29. Rf2 Ne3 30. Bh4 Ng4 31. Bxf6 1-0

[Event "Indywidualne Mistrzostwa Polski Juniorow - C16"]
[Site "Szczyrk"]
[Date "2013-03-24"]
[Round "9.6"]
[White "Kowalczyk, Mariusz"]
[Black "Sliwicki, Damian"]
[Result "1/2-1/2"]
[WhiteTitle "I"]
[BlackTitle "I"]
[WhiteElo "1940"]
[BlackElo "2028"]

1. e4 c5 2. c3 d6 3. d4 Nf6 4. Bd3 g6 5. Ne2 Bg7 6. f3 O-O 7. Be3 Qc7 8. O-O Nbd7
9. Qd2 a6 10. g4 e5 11. d5 c4 12. Bc2 Nc5 13. Ng3 b5 14. h4 Nfd7 15. Rf2 a5 16.
Rg2 Qd8 17. h5 Qf6 18. Kf2 Qe7 19. Na3 Ba6 20. Rag1 Bf6 21. g5 Bg7 22. Rh1 Rfb8
23. Rgh2 b4 24. Nb1 b3 25. axb3 cxb3 26. Bd1 Nf8 27. Na3 a4 28. Be2 Qb7 29. Kg2
Qc8 30. Bxa6 Rxa6 31. Ne2 Raa8 32. c4 Rb7 33. Nc3 f5 34. gxf6 Bxf6 35. Kf2 Rf7
36. Ke2 Nb7 37. Ncb5 Qd7 38. Rg2 Bg7 39. Qe1 Rc8 40. Qb4 Ra8 41. Nc3 gxh5 42.
Nab5 Ng6 43. Nxa4 Raf8 44. Nb6 Qd8 45. Rf1 Kh8 46. Na4 Qd7 47. Qe1 Qd8 48. Rh2
h4 49. Qc3 Nf4+ 50. Bxf4 Rxf4 51. Qxb3 Qg5 52. Rff2 Bh6 53. Qd3 Qg1 54. Qd1 Qg6
55. Nbc3 Na5 56. b3 Rb8 57. Nb5 Rbf8 58. Rh3 Qg5 59. Nxd6 R4f6 60. Nf5 Nxb3 61.
Nxh6 Nd4+ 62. Kd3 Rxh6 63. Qd2 Qh5 64. f4 Qg4 65. fxe5 Rxf2 66. Qxf2 Qxh3+ 67.
Kxd4 Qa3 68. d6 Kg7 69. Nc5 Qa1+ 70. Kd5 Qa8+ 71. Kd4 Qa1+ 72. Kd5 Qa8+ 73. Kd4
Qa1+ 74. Kd5 1/2-1/2

[Event "Indywidualne Mistrzostwa Polski Juniorow - C16"]
[Site "Szczyrk"]
[Date "2013-03-24"]
[Round "9.7"]
[White "Piotrowski, Przemyslaw"]
[Black "Fronczak, Sebastian"]
[Result "0-1"]
[WhiteTitle "I+"]
[BlackTitle "II+"]
[WhiteElo "1996"]
[BlackElo "1825"]

1. e4 e6 2. d4 d5 3. e5 c5 4. c3 Nc6 5. Nf3 Qb6 6. a3 c4 7. Be2 f6 8. exf6 Nxf6
9. Nbd2 Bd6 10. b3 cxb3 11. Nxb3 O-O 12. O-O Kh8 13. Be3 Qc7 14. c4 Bd7 15. Qd2
Ne4 16. Qc2 Be8 17. Bd3 Bh5 18. Bxe4 dxe4 19. Qxe4 Bxf3 20. gxf3 Rf6 21. Rfc1
Raf8 22. Nd2 Bxh2+ 23. Kf1 Bf4 24. Ke2 e5 25. Rh1 h6 26. d5 Nd4+ 27. Kd3 Bxe3
28. fxe3 Nxf3 29. Nxf3 Rxf3 30. Qg6 Rxe3+ 31. Kxe3 Qc5+ 32. Kd2 Rf2+ 33. Kc3 Qd4+
34. Kb4 Rb2+ 35. Ka5 Qc5+ 36. Ka4 Qxc4+ 0-1

[Event "Indywidualne Mistrzostwa Polski Juniorow - C16"]
[Site "Szczyrk"]
[Date "2013-03-24"]
[Round "9.8"]
[White "Czajkowski, Adam"]
[Black "Swiderski, Radoslaw"]
[Result "1-0"]
[WhiteTitle "I+"]
[BlackTitle "I+"]
[WhiteElo "1923"]
[BlackElo "1964"]

1. e4 c5 2. Nf3 d6 3. d4 cxd4 4. Nxd4 Nf6 5. Nc3 Nc6 6. Bg5 Bd7 7. Qd2 Rc8 8. O-O-O
Nxd4 9. Qxd4 Qa5 10. Bd2 a6 11. f3 Qc5 12. Qd3 g6 13. Kb1 Bg7 14. Be3 Qc7 15.
Bd4 Be6 16. g4 Qa5 17. h4 O-O 18. a3 Rc4 19. Qe3 Rc6 20. h5 Rfc8 21. hxg6 fxg6
22. Rd2 Nxg4 23. fxg4 Rxc3 24. bxc3 Bxd4 25. Qxd4 Rxc3 26. Rxh7 Ba2+ 27. Kxa2
Kxh7 28. Rh2+ Kg8 29. Rh8+ Kf7 30. Bc4+ 1-0

[Event "Indywidualne Mistrzostwa Polski Juniorow - C16"]
[Site "Szczyrk"]
[Date "2013-03-24"]
[Round "9.9"]
[White "Delekta, Filip"]
[Black "Kucza, Karol"]
[Result "1-0"]
[WhiteTitle "I+"]
[BlackTitle "I+"]
[WhiteElo "1934"]
[BlackElo "1886"]

1. e4 e5 2. Nc3 Nf6 3. Bc4 Nxe4 4. Qh5 Nd6 5. Bb3 Be7 6. Nf3 O-O 7. Nxe5 Nc6 8.
O-O Nxe5 9. Qxe5 Bf6 10. Qf4 Re8 11. d4 g6 12. Bd2 b6 13. Nd5 Bg7 14. Rae1 Rxe1
15. Rxe1 Bb7 16. Ne7+ Kh8 17. Bb4 Qf8 18. Bxd6 cxd6 19. Qxd6 Re8 20. Qxd7 Bc6
21. Qd6 Bb7 22. d5 Ba6 23. c4 Bd4 24. Qd7 Ra8 25. Qc7 Qh6 26. Nc6 Qd2 27. Rf1
Bxb2 28. Nb8 Bd4 29. Nxa6 Re8 30. Qxf7 1-0

[Event "Indywidualne Mistrzostwa Polski Juniorow - C16"]
[Site "Szczyrk"]
[Date "2013-03-24"]
[Round "9.10"]
[White "Tomaszewski, Kacper"]
[Black "Wisniewski, Szymon"]
[Result "1/2-1/2"]
[WhiteTitle "I++"]
[BlackTitle "II+"]
[WhiteElo "1961"]
[BlackElo "1731"]

1. d4 Nf6 2. c4 e6 3. Nf3 b6 4. g3 Bb7 5. Bg2 Bb4+ 6. Bd2 Bxd2+ 7. Nbxd2 O-O 8.
O-O d6 9. Qc2 Nbd7 10. Rfd1 Rc8 11. e4 e5 12. d5 a5 13. a3 Ra8 14. b3 Bc8 15.
Ne1 Ne8 16. b4 g6 17. Nd3 Ng7 18. c5 Ba6 19. Nc4 Bxc4 20. Qxc4 f5 21. f3 Nf6 22.
Rac1 Rc8 23. Rc2 fxe4 24. fxe4 Ng4 25. Re2 Qg5 26. Rde1 Nh5 27. Qc1 Qf6 28. Rf1
Qe7 29. Ree1 axb4 30. axb4 bxc5 31. bxc5 Rxf1+ 32. Rxf1 Rf8 33. cxd6 cxd6 34.
Rxf8+ Qxf8 35. Qg5 Nhf6 36. h3 Qh6 37. Qxh6 Nxh6 38. Bf3 Nf7 39. h4 Kf8 40. Kf2
Ke7 41. Bg2 1/2-1/2

[Event "Indywidualne Mistrzostwa Polski Juniorow - C16"]
[Site "Szczyrk"]
[Date "2013-03-24"]
[Round "9.11"]
[White "Kruszynski, Krzysztof"]
[Black "Koitka, Jakub"]
[Result "0-1"]
[WhiteTitle "II"]
[BlackTitle "I+"]
[WhiteElo "1664"]
[BlackElo "2007"]

1. e4 c5 2. Nf3 Nc6 3. d4 cxd4 4. Nxd4 Nf6 5. Nc3 d6 6. Bg5 Bd7 7. Qd2 Rc8 8. O-O-O
Nxd4 9. Qxd4 Qa5 10. f4 Rxc3 11. bxc3 e5 12. Qc4 d5 13. exd5 Ba3+ 14. Kb1 Ne4
15. Ka1 b5 16. Qd3 Nf2 17. Qe3 Nxd1 18. Qxe5+ Kf8 0-1

[Event "Indywidualne Mistrzostwa Polski Juniorow - C16"]
[Site "Szczyrk"]
[Date "2013-03-24"]
[Round "9.12"]
[White "Zebracki, Tomasz"]
[Black "Gierulski, Kamil"]
[Result "0-1"]
[WhiteTitle "I"]
[BlackTitle "I"]
[WhiteElo "1951"]
[BlackElo "1856"]

1. e4 e6 2. d4 d5 3. Nc3 Nf6 4. Bg5 Be7 5. exd5 exd5 6. Bd3 O-O 7. Nge2 c6 8. f3
Qb6 9. a3 Nbd7 10. O-O Re8 11. Kh1 Nf8 12. Ng3 h6 13. Bf4 Bd7 14. b4 a5 15. Na4
Qa7 16. Bc7 b5 17. Nb6 Qxc7 18. Nxa8 Rxa8 19. bxa5 Rxa5 20. f4 Rxa3 21. Rxa3 Bxa3
22. f5 Bd6 23. Nh5 N8h7 24. g4 Bxh2 25. Qd2 Bd6 26. Nxf6+ Nxf6 27. g5 Nh5 28.
Ra1 Ng3+ 29. Kg1 Bxf5 30. Ra8+ Kh7 31. gxh6 gxh6 32. Bxf5+ Nxf5 33. Qd3 Qd7 34.
Qf3 Qe6 35. Ra1 Qg6+ 36. Kf1 Nxd4 37. Qf2 Nxc2 38. Ra7 Qd3+ 39. Kg2 Ne3+ 40. Kh3
Nd1+ 41. Kh4 Nxf2 42. Rxf7+ Kg8 43. Rf3 Qe4+ 44. Kh5 Qxf3+ 0-1

[Event "Indywidualne Mistrzostwa Polski Juniorow - C16"]
[Site "Szczyrk"]
[Date "2013-03-24"]
[Round "9.13"]
[White "Czerw, Dawid"]
[Black "Madrawski, Krzysztof"]
[Result "1-0"]
[WhiteTitle "I+"]
[BlackTitle "II+"]
[WhiteElo "1947"]
[BlackElo "1711"]

1. d4 c5 2. d5 e5 3. c4 d6 4. e4 Be7 5. Ne2 Bg5 6. Nd2 Nh6 7. Nc3 O-O 8. Be2 f5
9. a3 Nd7 10. Bf3 a6 11. g3 Nb6 12. b3 fxe4 13. Ncxe4 Be7 14. Qe2 Nf5 15. Bb2
Nd7 16. Bg2 Nf6 17. O-O Nxe4 18. Nxe4 Nd4 19. Qd3 Bg4 20. f3 Bf5 21. b4 b6 22.
Bc3 Qd7 23. Rab1 Rab8 24. Bd2 Qa4 25. Rfc1 Rfc8 26. Be3 Qd7 27. f4 Bf6 28. Bxd4
exd4 29. Re1 Re8 30. Re2 Bg4 31. Bf3 Be7 32. Rbe1 Bf5 33. Bh5 g6 34. Bf3 Kg7 35.
Rg2 Bh3 36. Rge2 Bf5 37. Qd2 Bf6 38. Nxf6 Kxf6 39. g4 Rxe2 40. Qxe2 d3 41. Qb2+
Kf7 42. gxf5 Qxf5 43. Qd2 Rg8 44. Qe3 Qf6 45. Qe6+ 1-0

[Event "Indywidualne Mistrzostwa Polski Juniorow - C16"]
[Site "Szczyrk"]
[Date "2013-03-24"]
[Round "9.14"]
[White "Lizak, Jakub"]
[Black "Filewicz, Przemyslaw"]
[Result "0-1"]
[WhiteTitle "I"]
[BlackTitle "I"]
[WhiteElo "1893"]
[BlackElo "1751"]

1. e4 c5 2. Nf3 e6 3. d4 cxd4 4. Nxd4 Nf6 5. Bd3 a6 6. Qe2 d6 7. c4 Nbd7 8. Nc3
Qc7 9. O-O b6 10. f4 Bb7 11. f5 e5 12. Nc2 Rc8 13. Ne3 Nc5 14. Qc2 Be7 15. Bd2
Qb8 16. b4 Nxd3 17. Qxd3 O-O 18. Rac1 Rfd8 19. Ned5 Bxd5 20. exd5 Re8 21. Bg5
e4 22. Qd4 b5 23. cxb5 axb5 24. Ne2 Rxc1 25. Bxc1 Bd8 26. Qd2 Qb7 27. Nc3 Re5
28. Qe2 Qc8 29. Nxb5 Rxd5 30. Bf4 Qd7 31. a4 Rd3 32. Rd1 Rxd1+ 33. Qxd1 d5 34.
Qd4 h5 35. Qe5 Kh7 36. Qd6 Qxf5 37. Be3 Ng4 38. Qf4 Nxe3 39. Qxe3 Bg5 40. Qf2
Qd7 41. Qe2 g6 42. Qc2 Be3+ 43. Kh1 Qf5 44. Qd1 Qf2 45. Nc3 Bd2 46. Nxd5 Be1 47.
Nf6+ Kg7 48. Ne8+ Kh6 49. Qc1+ e3 50. Qc4 e2 51. Qc1+ Kh7 0-1

[Event "Indywidualne Mistrzostwa Polski Juniorow - C16"]
[Site "Szczyrk"]
[Date "2013-03-24"]
[Round "9.15"]
[White "Molenda, Marcin"]
[Black "Kowalski, Maciej"]
[Result "1/2-1/2"]
[WhiteTitle "I"]
[BlackTitle "I"]
[WhiteElo "1813"]
[BlackElo "1877"]

1. c4 e5 2. Nc3 g6 3. g3 Bg7 4. Bg2 Ne7 5. e3 O-O 6. Nge2 d6 7. O-O f5 8. d4 g5
9. f4 gxf4 10. exf4 e4 11. d5 Nd7 12. g4 fxg4 13. Ng3 Nf6 14. Ncxe4 Nf5 15. Re1
Nxe4 16. Bxe4 Qh4 17. Bxf5 Bxf5 18. Nxf5 Rxf5 19. Re2 Raf8 20. Qd3 h5 21. Bd2
Qf6 22. Bc3 Qh6 23. Bxg7 Qxg7 24. Rf1 Rxf4 25. Rxf4 Rxf4 26. Re8+ Rf8 27. Rxf8+
Kxf8 28. Qf5+ Ke7 29. Qxh5 Qd4+ 30. Kg2 Qxb2+ 31. Kg3 Qc3+ 32. Kh4 Qxc4 33. Qg5+
Kf7 34. Qf5+ Kg7 35. Qg5+ Kh7 36. Qh5+ Kg7 37. Qg5+ Kf7 38. Qf5+ Kg8 39. Qg6+
Kh8 40. Qh6+ Kg8 41. Qg6+ 1/2-1/2

[Event "Indywidualne Mistrzostwa Polski Juniorow - C16"]
[Site "Szczyrk"]
[Date "2013-03-24"]
[Round "9.16"]
[White "Chomczyk, Marek"]
[Black "Zadlo, Maciej"]
[Result "1-0"]
[WhiteTitle "I+"]
[BlackTitle "I"]
[WhiteElo "1935"]
[BlackElo "1821"]

1. e4 c6 2. d4 d5 3. Nc3 dxe4 4. Nxe4 Nd7 5. Nf3 Ngf6 6. Nxf6+ Nxf6 7. c3 Bg4 8.
h3 Bxf3 9. Qxf3 e6 10. Bc4 Qc7 11. O-O Bd6 12. Bg5 Nd5 13. Bd3 Bf4 14. Bxf4 Qxf4
15. Qxf4 Nxf4 16. Bc4 O-O-O 17. Rae1 b5 18. Bb3 Nd3 19. Re2 c5 20. dxc5 Nxc5 21.
Re5 Nxb3 22. axb3 a6 23. c4 Rd3 24. cxb5 Rxb3 25. bxa6 Rxb2 26. Rd1 Kc7 27. Re3
Rb6 28. Red3 Rf8 29. Rd7+ Kb8 30. a7+ Ka8 31. Re7 Rb7 32. Rxb7 Kxb7 33. Rd7+ Ka8
34. f4 h6 35. Kf2 g5 36. Ke3 Rg8 37. g3 Rg7 38. g4 Rh7 39. f5 exf5 40. gxf5 h5
41. Kf3 Rg7 42. f6 g4+ 43. hxg4 hxg4+ 44. Kg3 Rg8 45. Rxf7 Rg6 46. Kh2 g3+ 47.
Kg2 Rh6 48. Rf8+ Kxa7 49. Kxg3 Kb7 50. Kg4 Kc7 51. Kg5 Rh1 52. Re8 Kd7 53. Re2
Rg1+ 54. Kh6 Rg3 55. f7 Rf3 56. Kg7 Rg3+ 57. Kf8 Ra3 58. Rg2 1-0

[Event "Indywidualne Mistrzostwa Polski Juniorow - C16"]
[Site "Szczyrk"]
[Date "2013-03-24"]
[Round "9.17"]
[White "Mrozowski, Patryk"]
[Black "Mirski, Michal"]
[Result "1-0"]
[WhiteTitle "I"]
[BlackTitle "I"]
[WhiteElo "1723"]
[BlackElo "1895"]

1. e4 c5 2. Nf3 e6 3. d4 cxd4 4. Nxd4 Nc6 5. Nxc6 bxc6 6. Bd3 e5 7. O-O Nf6 8.
c4 Be7 9. Nc3 O-O 10. Kh1 d6 11. f4 Qc7 12. f5 Bb7 13. Qf3 Rfd8 14. Qg3 Kh8 15.
Bg5 Qb6 16. Rab1 Rac8 17. Qh4 Rd7 18. Rf3 Kg8 19. Rh3 Kf8 20. Bxf6 Bxf6 21. Qxh7
Ke7 22. Rg3 d5 23. Qh5 d4 24. Na4 Qa5 25. Qd1 c5 26. Bc2 Rcd8 27. Qd3 Bc6 28.
b3 Rh8 29. a3 Rb7 30. b4 cxb4 31. axb4 Qc7 32. b5 Bd7 33. Qa3+ Ke8 34. Bd3 Qa5
35. Qb3 Qc7 36. c5 Bc8 37. b6 axb6 38. cxb6 Qe7 39. Rc1 Bd7 40. Nc5 1-0

[Event "Indywidualne Mistrzostwa Polski Juniorow - C16"]
[Site "Szczyrk"]
[Date "2013-03-24"]
[Round "9.18"]
[White "Szeglowski, Tomasz"]
[Black "Nun, Grzegorz"]
[Result "0-1"]
[WhiteTitle "I"]
[BlackTitle "II+"]
[WhiteElo "1801"]
[BlackElo "1851"]

1. e4 c5 2. Nf3 d6 3. d4 cxd4 4. Nxd4 Nf6 5. Nc3 Nc6 6. Be2 g6 7. O-O Bg7 8. Be3
O-O 9. Nb3 Bd7 10. h3 Rc8 11. Qd2 a6 12. Nd5 Nxe4 13. Qc1 Be6 14. Bb6 Qd7 15.
Ne3 Nf6 16. Rd1 Bxb3 17. axb3 Nd8 18. Nc4 Ne6 19. Bf3 Nd8 20. Qe3 Re8 21. Na5
Rxc2 22. Nc4 Nc6 23. Ra4 Qf5 24. g4 Qc8 25. Qd3 Ne5 26. Qxc2 Nxf3+ 27. Kg2 Qc6
28. Kg3 Nh5+ 29. gxh5 Be5+ 30. Nxe5 Qxc2 31. Nxf3 Qxd1 32. hxg6 fxg6 33. Rd4 Qxb3
0-1

[Event "Indywidualne Mistrzostwa Polski Juniorow - C16"]
[Site "Szczyrk"]
[Date "2013-03-24"]
[Round "9.19"]
[White "Pawlowski, Maciej"]
[Black "Buraczewski, Rafal"]
[Result "1/2-1/2"]
[WhiteTitle "I"]
[BlackTitle "I"]
[WhiteElo "1716"]
[BlackElo "1825"]

1. e4 e6 2. d4 d5 3. Nc3 Nf6 4. e5 Nfd7 5. Nf3 c5 6. dxc5 Nc6 7. Bf4 a6 8. a3 Nxc5
9. h4 Be7 10. h5 b5 11. Rh3 f6 12. h6 g6 13. Bd3 f5 14. Ne2 Nxd3+ 15. Qxd3 g5
16. Nxg5 Bxg5 17. Qg3 Be7 18. Qg7 Kd7 19. Bg5 Kc7 20. Rc3 Kb6 21. Nd4 Bd7 22.
Nxc6 Bxc6 23. Bxe7 Qd7 24. Bf6 Rhg8 25. Qxd7 Bxd7 26. Bg7 Rgc8 27. Rxc8 Rxc8 28.
Kd2 Be8 29. b3 Bg6 30. f4 d4 31. Rh1 Be8 32. Rh3 Bc6 33. c3 Bxg2 34. Rd3 dxc3+
35. Rxc3 Rd8+ 36. Rd3 Bd5 37. Ke2 Rc8 38. Kd2 a5 39. Rg3 Rg8 40. Kc3 Be4 41. b4
a4 42. Kb2 Bd5 43. Rg5 Bc6 1/2-1/2

[Event "Indywidualne Mistrzostwa Polski Juniorow - C16"]
[Site "Szczyrk"]
[Date "2013-03-24"]
[Round "9.20"]
[White "Smieszek, Wojciech"]
[Black "Gladysz, Jakub"]
[Result "0-1"]
[WhiteTitle "I"]
[BlackTitle "II+"]
[WhiteElo "1873"]
[BlackElo "1798"]

1. e4 c5 2. Nf3 e6 3. d4 cxd4 4. Nxd4 Nc6 5. Nb5 d6 6. Bf4 e5 7. Be3 Nf6 8. Bg5
Be6 9. N1c3 a6 10. Bxf6 gxf6 11. Na3 Qb6 12. Nc4 Qd4 13. Ne3 O-O-O 14. Bd3 Rg8
15. g3 Bh6 16. Ned5 f5 17. Qe2 fxe4 18. Bxe4 f5 19. Rd1 Qc5 20. Bg2 Kb8 21. O-O
f4 22. Ne4 Nd4 23. Rxd4 Qxd4 24. c4 fxg3 25. hxg3 Bxd5 26. cxd5 Rg6 27. Rd1 Qa4
28. Rd3 Rc8 29. Nc3 Qd7 30. Be4 Rf6 31. Bf3 Rcf8 32. Ne4 R6f7 33. Bg4 Qc7 34.
Rc3 Qa5 35. Be6 Rc7 36. Nxd6 Rxc3 37. bxc3 Qxc3 38. Nf7 Bg7 39. Qg4 Bf6 40. Qf5
Be7 41. Qxh7 Bc5 42. Qf5 Qxg3+ 43. Kf1 Qf4 44. Qxf4 exf4 45. Ne5 Ka7 46. Nd7 Rc8
47. Nxc5 Rxc5 48. Kg2 Rc2 49. d6 Kb8 50. Kf3 b5 51. Kxf4 Rxf2+ 52. Ke5 Kb7 53.
Bd5+ Kc8 54. Be6+ Kd8 55. Kd4 Rc2 56. Bb3 Rc1 57. Be6 a5 58. Bf5 b4 59. Bg4 a4
60. Be6 Rc2 61. Kd3 Rc6 62. Bg8 Kd7 63. Bf7 Kxd6 64. Be8 Rc3+ 65. Kd2 a3 66. Bf7
Kc5 67. Bg8 Kd4 68. Bf7 b3 69. Bg8 b2 70. Bh7 Rc1 0-1

[Event "Indywidualne Mistrzostwa Polski Juniorow - C16"]
[Site "Szczyrk"]
[Date "2013-03-24"]
[Round "9.21"]
[White "Drop, Szymon"]
[Black "Maciejewski, Mikolaj"]
[Result "1/2-1/2"]
[WhiteTitle "I"]
[BlackTitle "II+"]
[WhiteElo "1818"]
[BlackElo "1733"]

1. e4 c5 2. Nf3 Nc6 3. d4 cxd4 4. Nxd4 Nf6 5. Nc3 e5 6. Nf5 d6 7. Bc4 Be6 8. Bb3
a6 9. Bg5 h6 10. Bxf6 Qxf6 11. Nxd6+ Bxd6 12. Qxd6 Rd8 13. Qc5 Qg5 14. Nd5 Bxd5
15. Bxd5 Qxg2 16. O-O-O Qg5+ 17. Kb1 Rc8 18. Rhg1 Qf6 19. Bxc6+ Rxc6 20. Qb4 Qxf2
21. Qxb7 Qxc2+ 22. Ka1 O-O 23. a3 Qxe4 24. Qe7 Re6 25. Qc5 Qc6 26. Qb4 Rg6 27.
Rge1 Re8 28. Rc1 Qb6 29. Qa4 Rb8 30. Qc2 Rc6 31. Qg2 Rxc1+ 32. Rxc1 Rd8 33. Qg4
Qd4 34. Qf5 Qf4 35. Qc2 e4 36. Qc4 Qf3 37. Ka2 e3 38. Re1 Rd2 39. Rxe3 Qxe3 40.
Qc8+ Rd8 41. Qxd8+ Kh7 42. b4 f5 43. Qd5 Kg6 44. Qd6+ Kg5 45. Qxa6 f4 46. b5 Qe2+
47. Kb3 f3 48. Qb7 f2 49. Qxg7+ Kf5 50. Qf7+ Ke4 51. Qe8+ Kf3 52. Qh5+ Ke3 53.
Qe5+ Kd3 54. Qd5+ 1/2-1/2

[Event "Indywidualne Mistrzostwa Polski Juniorow - C16"]
[Site "Szczyrk"]
[Date "2013-03-24"]
[Round "9.22"]
[White "Klimek, Piotr"]
[Black "Mazur, Bartlomiej"]
[Result "1-0"]
[WhiteTitle "I"]
[BlackTitle "I"]
[WhiteElo "1789"]
[BlackElo "1674"]

1. Nf3 Nf6 2. b3 d5 3. Bb2 c6 4. g3 Bg4 5. Bg2 Nbd7 6. d4 e6 7. O-O Bd6 8. c4 Ne4
9. Nfd2 Nxd2 10. Nxd2 Qg5 11. f3 Bh5 12. e4 Bb4 13. Rf2 f5 14. exf5 exf5 15. cxd5
cxd5 16. Qe1+ Kd8 17. f4 Qf6 18. Bxd5 Re8 19. Qf1 Bxd2 20. Rxd2 Qb6 21. Qg2 Rb8
22. Rc1 Nf6 23. Ba3 Ne4 24. Bc5 Qa6 25. Bc4 b5 26. Bd3 Nxd2 27. Qd5+ Kc7 28. Bd6+
Kd8 29. Ba3+ 1-0

[Event "Indywidualne Mistrzostwa Polski Juniorow - C16"]
[Site "Szczyrk"]
[Date "2013-03-24"]
[Round "9.23"]
[White "Smal, Tobiasz"]
[Black "Choina, Adam"]
[Result "0-1"]
[WhiteTitle "I"]
[BlackTitle "II"]
[WhiteElo "1915"]
[BlackElo "1552"]

1. e4 e6 2. d4 d5 3. Nc3 Bb4 4. Nge2 dxe4 5. a3 Be7 6. Nxe4 Nf6 7. N2g3 Nbd7 8.
Be2 O-O 9. O-O Nxe4 10. Nxe4 Nf6 11. Bf3 c6 12. c4 Qc7 13. Qe2 b6 14. Rd1 Bb7
15. Be3 Rfd8 16. Rac1 Rac8 17. d5 Nxe4 18. Bxe4 e5 19. b4 cxd5 20. Bxd5 Bxd5 21.
Rxd5 Rxd5 22. cxd5 Qxc1+ 23. Bxc1 Rxc1+ 24. Qf1 Rxf1+ 25. Kxf1 Kf8 26. Ke2 f5
0-1

[Event "Indywidualne Mistrzostwa Polski Juniorow - C16"]
[Site "Szczyrk"]
[Date "2013-03-24"]
[Round "9.24"]
[White "Kindler, Przemyslaw"]
[Black "Krawiecki, Stanislaw"]
[Result "0-1"]
[WhiteTitle "I"]
[BlackTitle "II"]
[WhiteElo "1817"]
[BlackElo "1632"]

1. e4 Nf6 2. e5 Nd5 3. Nc3 Nb6 4. d4 d6 5. exd6 cxd6 6. Nf3 g6 7. Bf4 Bg7 8. Qd2
O-O 9. h3 N8d7 10. O-O-O Nf6 11. g4 Bd7 12. Rg1 Rc8 13. Bh6 Bc6 14. Bxg7 Kxg7
15. Ne1 Ne4 16. Nxe4 Bxe4 17. f4 Qd7 18. Rg3 Nc4 19. Bxc4 Rxc4 20. d5 Rfc8 21.
c3 Qa4 22. a3 Qb3 23. f5 R8c5 24. fxg6 hxg6 25. Nc2 Rxd5 26. Qe2 Rxd1+ 27. Kxd1
Qxc2+ 28. Qxc2 Bxc2+ 29. Kxc2 Rf4 30. b4 Rf2+ 31. Kb3 d5 32. Ka4 Kf6 33. Ka5 e5
34. b5 Rf4 35. b6 a6 36. a4 e4 37. c4 Ke6 38. cxd5+ Kxd5 39. Rc3 f5 40. Rc7 e3
41. Rd7+ Ke6 42. Rd8 Ke7 43. Rb8 e2 44. Rxb7+ Ke6 45. Kxa6 e1=Q 0-1